000 00918cam a22002651 4500
001 gs 65000192
003 DLC
005 20260227111416.0
008 780712s1964 dcuab b f000 0 eng
010 _ags 65000192
035 _a(OCoLC)4047470
040 _aDLC
_cOClU
_dOCoLC
_dDLC
042 _apremarc
050 0 0 _aQE75
_b.B9 no. 1179
100 1 _aMuffler, L. J. Patrick
_q(Leroy J. Patrick),
_d1937-
245 1 0 _aGeology of the Frenchie Creek quadrangle, north-central Nevada,
_cby L. J. Patrick Muffler.
260 _aWashington,
_bU.S. Govt. Print. Off.,
_c1964.
300 _avi, 99 p.
_billus., maps (1 fold. col. in pocket)
_c24 cm.
410 2 0 _aGeological Survey (U.S.).
_tBulletin,
_v1179
504 _aBibliography: p. 94-96.
650 0 _aGeology
_zNevada
_zEureka County.
650 0 _aIgneous rocks.
650 0 _aRocks
_xAnalysis.
650 0 _aFrenchie Creek quadrangle, north-central Nevada.
999 _c30015
_d30015